QCM Hogwarts Legacy (difficile, français) - Statistiques

Statistiques générales
  • Ce quiz a été pris 292 fois
  • Le résultat moyen est 5 sur 10
Statistiques - réponses
Question Réponse % Correct
Quels personnages du jeu retrouve-t-on, entre autres, dans les livres Harry Potter ? Peeves, Nick Quasi-sans-tête et Phineas black
83%
Qui était Noctua Gaunt ? La tante d'Ominis
78%
Que font les parents de Poppy Sweeting ? Braconniers
69%
Qui est Eldritch Diggory ? Un ancien ministre de la magie
42%
Quand est sorti le jeu Hogwarts Legacy sur Nintendo Switch ? 14/11/2023
40%
Dans le jeu, quels ingrédients sont nécessaires à la fabrication de la potion Breuvorage ? Jus de sangsue, fruit de figuier d'Abyssinie, odeur de la mort
38%
Quel était le précédent métier de Dinah Hecat ? Langue-de-plomb
38%
Marianne Moffett veut que l'on retrouve son animal, rare et albinos, comment l'a-t-elle appelé ? Gwyneira
34%
Parmi ces propositions, quels animaux ont des interactions un peu houleuses si on les fait cohabiter dans un même vivarium dans la salle sur demande ? Niffleur et Hippogriffe
28%
Comme s'appelle la professeure de soins aux créatures magiques dans le jeu ? Bai Howin
25%
Aucun quiz correspondant
Distribution des résultats
% des personnes avec chaque résultat
Percentile par nombre de réponses
Votre historique - résultats
Vous n’avez pas pris ce quiz